<?xml version="1.0" encoding="UTF-8"?>
<record
    xmlns:xsi="http://www.w3.org/2001/XMLSchema-instance"
    xsi:schemaLocation="http://www.loc.gov/MARC21/slim http://www.loc.gov/standards/marcxml/schema/MARC21slim.xsd"
    xmlns="http://www.loc.gov/MARC21/slim">

  <leader>01811nam a22001577a 4500</leader>
  <datafield tag="999" ind1=" " ind2=" ">
    <subfield code="c">517744</subfield>
    <subfield code="d">517744</subfield>
  </datafield>
  <controlfield tag="008">210727b           ||||| |||| 00| 0 eng d</controlfield>
  <datafield tag="100" ind1=" " ind2=" ">
    <subfield code="a">Lee, S., Yeo, J. and Na, C. </subfield>
    <subfield code="9">27988</subfield>
  </datafield>
  <datafield tag="245" ind1=" " ind2=" ">
    <subfield code="a">Learning from the past: Distributed cognition and crisis management capabilities for tackling Covid-19</subfield>
  </datafield>
  <datafield tag="260" ind1=" " ind2=" ">
    <subfield code="a">American Review of Public Administration -735</subfield>
  </datafield>
  <datafield tag="300" ind1=" " ind2=" ">
    <subfield code="a">50(6-7), Aug-Oct, 2020: p.729</subfield>
  </datafield>
  <datafield tag="520" ind1=" " ind2=" ">
    <subfield code="a">The outbreak of coronavirus disease 2019 (COVID-19) has presented an unprecedented public health crisis across the globe. Governments have developed different approaches to tackle the complex and intractable challenge, showing variations in their effectiveness and results. South Korea has achieved exceptional performance thus far: It has flattened the curve of new infections and brought the outbreak under control without imposing forceful measures such as lockdowns and travel ban. This commentary addresses the South Korean government&#x2019;s response to COVID-19 and highlights distributed cognition and crisis management capabilities as critical factors. The authors discuss how the South Korean government has cultivated distributed cognition and three core capabilities&#x2014;reflective-improvement, collaborative, and data-analytical capabilities&#x2014;after its painful experience with 2015 Middle East respiratory syndrome-coronavirus (MERS-CoV). South Korea&#x2019;s adaptive approaches and its learning path examined in this commentary provide practical implications for managing potential additional waves of COVID-19 and a future public health crisis. &#x2013; Reproduced </subfield>
  </datafield>
  <datafield tag="650" ind1=" " ind2=" ">
    <subfield code="a">COVID-19, Public health crisis, Emergency and crisis management, Distributed cognition, State capability</subfield>
    <subfield code="9">25856</subfield>
  </datafield>
  <datafield tag="773" ind1=" " ind2=" ">
    <subfield code="a">American Review of Public Administration </subfield>
  </datafield>
  <datafield tag="906" ind1=" " ind2=" ">
    <subfield code="a">COVID 19 PANDEMIC</subfield>
  </datafield>
  <datafield tag="942" ind1=" " ind2=" ">
    <subfield code="c">AR</subfield>
  </datafield>
  <datafield tag="952" ind1=" " ind2=" ">
    <subfield code="0">0</subfield>
    <subfield code="1">0</subfield>
    <subfield code="2">ddc</subfield>
    <subfield code="4">0</subfield>
    <subfield code="7">0</subfield>
    <subfield code="9">391810</subfield>
    <subfield code="a">IIPA</subfield>
    <subfield code="b">IIPA</subfield>
    <subfield code="d">2021-07-27</subfield>
    <subfield code="h">50(6-7), Aug-Oct, 2020: p.729</subfield>
    <subfield code="p">AR124994</subfield>
    <subfield code="r">2021-07-27</subfield>
    <subfield code="y">AR</subfield>
  </datafield>
</record>
